000 00671nam a2200241Ia 4500
003 OSt
005 20220923224817.0
006 a|||||r|||| 00| 0
007 ta
008 220922b |||||||| |||| 00| 0 hin d
024 _a251,127
037 _cTextual
040 _aARTS
_cARTS
_bhin
041 _2hin
_ahin
082 _aRxC67:g, 152K0
100 _aशर्मा, शिवानन्द
245 0 _aअरस्तु
246 _aArastu
260 _c1960
650 _aहिन्दी साहित्य
_9156264
942 _hRxC67:g, 152K0
_cTEXL
_2CC
999 _c373827
_d373827